|
|
|
|
| LEADER |
00000nas a22000007a 4500 |
| 005 |
20130314154120.0 |
| 007 |
cr|||| |||| |
| 008 |
130314c20019999lv u|p s|||| 0|||a1eng d |
| 022 |
|
|
|a 1406099X
|
| 035 |
|
|
|a 7161
|
| 040 |
|
|
|a vLex
|
| 090 |
|
|
|c 3912
|d 3912
|
| 245 |
0 |
0 |
|a Baltic Journal of Economics
|h [Recurso electrn̤ico]
|
| 256 |
|
|
|a Servicio en ln̕ea
|
| 260 |
|
|
|a Riga, Latvia :
|b Baltic International Centre for Economic Policy Studies (BICEPS),
|c 2001
|
| 300 |
|
|
|a 1 Recurso electrn̤ico
|
| 506 |
|
|
|d vLex Global
|d vLex Global (Academic Edition, excluding Law Schools)
|d vLex Global (U.S. Academic Edition, Law Schools)
|d vLex Global (U.S. Academic Edition, excluding Law Schools)
|d vLex Global (Academic Edition, Law Schools)
|
| 650 |
0 |
4 |
|a Economa̕
|v Revistas
|
| 740 |
|
|
|a vLex Revistas (Servicio en ln̕ea)
|
| 856 |
|
|
|a Acceso restringido
|u http://www.vlex.com/source/7161
|
| 942 |
|
|
|c REV
|
| 999 |
|
0 |
|a Economics
|